00775nam a22002297a 450000500170000001000130001702000110003003500130004103700160005404000120007008200130008210000240009524501040011926000370022327000440026030000210030465000190032565000240034494200220036899900190039095201360040920170124110026.0 aA-800492 c125.00 aA-800492 bCen Lib/Ret aDPLbEN a500bSHA aSharma, R.K.920628 aQuest :cby R.K.Sharmab a book of science quiz and scientific information for school students / aNew DelhibArya Book Depotc1996 a30,Naiwala Krol BaghbNew Delhie110005 a240p. c20cm(Hb) aScience910795 aScience-Quiz920629 2ddccENh500mSHA c127487d127487 00104070aLbLd2015-06-29eCen Lib/Retg125.00l3o500 SHApA-800492r2019-11-16 00:00:00s2019-10-31t1v125.00w2015-06-29yEN